000 00328 a2200133 4500
005 20250626150741.0
082 _a332.1 HOL
100 _aHOLDEN, J. M.
245 _aJones's Studies in Practical Banking.
250 _a5th Ed
260 _aLondon,
_bPitman,
_c1963.
300 _axviii, 332p.: ill.;
_bIndex
_c23cm
942 _2ddc
_cBKS
999 _c537
_d537